Approaches to emotion (Record no. 372261)

MARC details
000 -LEADER
fixed length control field 00636nam a2200217Ia 4500
008 - FIXED-LENGTH DATA ELEMENTS--GENERAL INFORMATION
fixed length control field 191130s1984##################000#0#eng##
020 ## - INTERNATIONAL STANDARD BOOK NUMBER
ISBN 898593506
082 ## - DEWEY DECIMAL CLASSIFICATION NUMBER
Classification number 152.4 SCH
245 ## - TITLE STATEMENT
Title Approaches to emotion
Statement of responsibility, etc edited by Klaus R. Scherer, Paul Ekman
260 ## - PUBLICATION, DISTRIBUTION, ETC. (IMPRINT)
Place of publication Hillsdale, N.J
Name of publisher L. Erlbaum Associates
Year of publication 1984
300 ## - PHYSICAL DESCRIPTION
Number of Pages xii, 426 p. : ill. ; 24 cm
500 ## - GENERAL NOTE
General note Includes bibliographical references and index
650 ## - SUBJECT ADDED ENTRY--TOPICAL TERM
Topical Term Emotions
700 ## - ADDED ENTRY--PERSONAL NAME
Personal name Ekman, Paul
Personal name Scherer, Klaus R
991 ## -
-- 188913
Holdings
Withdrawn status Lost status Damaged status Not for loan Home library Current library Shelving location Date acquired Full call number Accession Number Price effective from Koha item type
        Anna Centenary Library Anna Centenary Library 3RD FLOOR, A WING 17.10.2020 152.4 SCH 176699 17.10.2020 English Books

Find us on the map